01335 a2200193 45000010006000000050017000060080041000230030015000640400040000790800128001192450031002470200018002782640039002963000019003355050624003541000035009787000029010138560099010424702420260407155739.0260407a1993 arg spa dAR-UNSa-BCEJYS aAR-UNSa-BCEJYSbspacAR-UNSa-BCEJYS a316.421:339.9xOrigen de las sociedades globales y estructura social, económico, político y cultural (Globalización) 10aLa sociedad poscapitalista a950-07-0864-7 1aBuenos Aires :bSudamericanac1993 a185 p.c23 cm. aPrimera Parte : SOCIEDAD : 1. Desde el capitalismo a la sociedad del saber - 2. La sociedad de las organizaciones - 3. Mano de obra, capital y su futuro - 4. La productividad de las nuevas fuerzas del trabajo - 5. La organización basad en la responsabilidad -- Segunda Parte : ORGANIZACIÓN POLÍTICA : 6. Del Estado-Nación al megaestado - 7. Trasnacionalismo, regionalismo y tribalismo - 8. El necesario cambio de rumbo del gobierno - 9. A la ciudadanía por el sector social -- Tercera Parte : EL SABER : 10. El saber : su economía, su productividad - 11. La escuela responsable - 12. La persona instruida.1 aMerino Sánchez, Maria Isabel1 aDrucker, Peter Ferdinand41uhttps://www.biblioeco.unsa.edu.ar/pmb/images/libros/L127374.jpgyImagen de portadaqimage/jpeg